52 workable youth object lessons. (Record no. 15860)

000 -LEADER
fixed length control field 00585nam a2200169 a 4500
001 - CONTROL NUMBER
control field :::00018303$&:&@@
003 - CONTROL NUMBER IDENTIFIER
control field OkBaRHE
005 - DATE AND TIME OF LATEST TRANSACTION
control field 20100331141854.0
008 - FIXED-LENGTH DATA ELEMENTS--GENERAL INFORMATION
fixed length control field s1951 j 000 0 eng u
040 ## - CATALOGING SOURCE
Transcribing agency
100 1# - MAIN ENTRY--PERSONAL NAME
Personal name Foushee, Clyde C.
245 10 - TITLE STATEMENT
Title 52 workable youth object lessons.
260 ## - PUBLICATION, DISTRIBUTION, ETC. (IMPRINT)
Place of publication, distribution, etc Grand Rapids, Michigan
Name of publisher, distributor, etc Zondervan
Date of publication, distribution, etc 1951
942 ## - ADDED ENTRY ELEMENTS (KOHA)
Source of classification or shelving scheme
Koha item type Books
Copies
Total Renewals Full call number Shelving location Date acquired Permanent Location Copy number Date checked out Source of classification or shelving scheme Damaged status Date last seen Price effective from Lost status Withdrawn status Barcode Not for loan Koha item type Current Location Total Checkouts
 BV 1535 .F6 F5General Stacks2010-04-14RHEMA Bible Training College1   2010-04-142010-04-14  18303 Books  
2BV 1535 .F6 F5General Stacks2010-04-14RHEMA Bible Training College22018-02-02  2018-03-092010-04-14  20622 BooksRHEMA Bible Training College1